000 00320nam a22001337a 4500
999 _c13605
_d13605
020 _a978-1-26-427755-1
082 _a515
_bANA
100 _aAnaxos
245 _a500 AP Calculus AB/BC Questions to know by test day
260 _aNew York
_bMC Graw Hill
300 _a290 Pages
650 _aCalculus, math
942 _cBK